The invention of Africa (Record no. 21787)
[ view plain ]
| 000 -LEADER | |
|---|---|
| fixed length control field | 00604nam a2200241Ia 4500 |
| 003 - CONTROL NUMBER IDENTIFIER | |
| control field | 0100 |
| 008 - FIXED-LENGTH DATA ELEMENTS--GENERAL INFORMATION | |
| fixed length control field | 130303s9999 xx 000 0 und d |
| 020 ## - INTERNATIONAL STANDARD BOOK NUMBER | |
| International Standard Book Number | 0253204682 |
| 040 ## - CATALOGING SOURCE | |
| Transcribing agency | ARRUPELIB |
| 050 ## - LIBRARY OF CONGRESS CALL NUMBER | |
| Classification number | B5310.M84 1988 |
| 300 ## - PHYSICAL DESCRIPTION | |
| Other physical details | 24cm. |
| 100 ## - MAIN ENTRY--PERSONAL NAME | |
| Personal name | Mudimbe, V. Y |
| 245 #4 - TITLE STATEMENT | |
| Title | The invention of Africa |
| 245 ## - TITLE STATEMENT | |
| Remainder of title | gnosis, philosophy, and the order of knowledge |
| 260 ## - PUBLICATION, DISTRIBUTION, ETC. (IMPRINT) | |
| Place of publication, distribution, etc | Bloomington |
| 260 ## - PUBLICATION, DISTRIBUTION, ETC. (IMPRINT) | |
| Name of publisher, distributor, etc | Indiana University Press |
| 260 ## - PUBLICATION, DISTRIBUTION, ETC. (IMPRINT) | |
| -- | 1988 |
| 300 ## - PHYSICAL DESCRIPTION | |
| Extent | 241p. |
| 440 ## - SERIES STATEMENT/ADDED ENTRY--TITLE | |
| Title | African systems of thought |
| 650 ## - SUBJECT ADDED ENTRY--TOPICAL TERM | |
| Topical term or geographic name as entry element | PHILOSOPHY |
| 650 ## - SUBJECT ADDED ENTRY--TOPICAL TERM | |
| Topical term following geographic name as entry element | Philosophy of mind |
| 942 00 - ADDED ENTRY ELEMENTS (KOHA) | |
| Koha issues (borrowed), all copies | 20 |
| Withdrawn status | Lost status | Source of classification or shelving scheme | Damaged status | Not for loan | Collection code | Home library | Current library | Shelving location | Date acquired | Total Checkouts | Full call number | Barcode | Checked out | Date last seen | Date checked out | Copy number | Price effective from | Koha item type |
|---|---|---|---|---|---|---|---|---|---|---|---|---|---|---|---|---|---|---|
| Library of Congress Classification | Main Collection | ARRUPE LIBRARY | ARRUPE LIBRARY | 04/03/2013 | 14 | B5310.M84 1988 | 46003089124 | 12/02/2026 | 13/01/2026 | 13/01/2026 | 1 | 04/03/2013 | Monograph ( Printed materials) | |||||
| Library of Congress Classification | Main Collection | ARRUPE LIBRARY | ARRUPE LIBRARY | 04/03/2013 | 5 | B5310.M84 1988 | 46003089223 | 19/04/2016 | 14/04/2016 | 2 | 04/03/2013 | Monograph ( Printed materials) | ||||||
| Library of Congress Classification | Main Collection | ARRUPE LIBRARY | ARRUPE LIBRARY | 04/03/2013 | 6 | B5310.M84 1988 | 46003091252 | 20/03/2023 | 08/03/2023 | 3 | 04/03/2013 | Monograph ( Printed materials) | ||||||
| Library of Congress Classification | Main Collection | ARRUPE LIBRARY | ARRUPE LIBRARY | 04/03/2013 | 11 | B5310.M84 1988 | 46003089448 | 07/11/2016 | 31/10/2016 | 4 | 04/03/2013 | Monograph ( Printed materials) | ||||||
| Library of Congress Classification | Main Collection | ARRUPE LIBRARY | ARRUPE LIBRARY | 04/03/2013 | 6 | B5310.M84 1988 | 46003087585 | 13/02/2024 | 17/01/2024 | 5 | 04/03/2013 | Monograph ( Printed materials) | ||||||
| Library of Congress Classification | Main Collection | ARRUPE LIBRARY | ARRUPE LIBRARY | 04/03/2013 | 2 | B5310.M84 1988 | 46003074822 | 23/02/2015 | 16/02/2015 | 6 | 04/03/2013 | Monograph ( Printed materials) | ||||||
| Library of Congress Classification | Main Collection | ARRUPE LIBRARY | ARRUPE LIBRARY | 04/03/2013 | 11 | B5310.M84 1988 | 46004003218 | 14/05/2024 | 29/04/2024 | 7 | 04/03/2013 | Monograph ( Printed materials) | ||||||
| Library of Congress Classification | ARRUPE LIBRARY | ARRUPE LIBRARY | 17/02/2014 | 20 | B5310.M84 1988 | 46410990 | 18/12/2025 | 28/10/2025 | 17/02/2014 | Monograph ( Printed materials) | ||||||||
| Library of Congress Classification | ARRUPE LIBRARY | ARRUPE LIBRARY | 25/09/2018 | 3 | B5310.M84 1988 | 46600002152 | 16/04/2025 | 29/09/2022 | 25/09/2018 | Monograph ( Printed materials) |